000 00352nam a2200133 i 4500
001 bg
100 1 _aPERKOWSKI, A.
245 0 _aOrganizacja i wykonawstwo robót instalacyjnych.
_nT. 2,
_pTechnologie robót /
_cA. Perkowski.
260 _aWarszawa,
_c1979.
040 _cBPK
041 _apol
942 _cKS
008 s pl f |000 0 pol
999 _c1548
_d1548
856 _uhttp://koha.tu.koszalin.pl/cgi-bin/koha/opac-detail.pl?biblionumber=1548
_yKatalog online BPK